书目信息 |
| 题名: |
磁放大器论文集
|
|
| 作者: | 别沙诺夫 著 ;胡汝鼎 , 沈越昭 , 李介谷 译 | |
| 分册: | ||
| 出版信息: | 北京 科学技术出版社 1957 |
|
| 页数: | 144页 | |
| 开本: | 19cm | |
| 丛书名: | ||
| 单 册: | ||
| 中图分类: | TN722.5-53 | |
| 科图分类: | ||
| 主题词: | 放大技术 , 放大器 | |
| 电子资源: | ||
| ISBN: | ||
| 000 | 00853nam0 2200265 450 | |
| 001 | 0629441625 | |
| 005 | 20060724081420.39 | |
| 010 | @dCNY0.90 | |
| 091 | @a15119.566 | |
| 100 | @a20060724d1957 km y0chiy0120 ea | |
| 101 | 0 | @achi |
| 102 | @aCN@b110000 | |
| 200 | 1 | @a磁放大器论文集@e理论与计算@Aci fang da qi lun wen ji@f(苏联)п.A.别沙诺夫等著@F(su lian)п.A.bie sha nuo fu deng zhu@g胡汝鼎,沈越昭,李介谷译@Ghu ru ding,shen yue zhao,li jie gu yi |
| 210 | @a北京@c科学技术出版社@d1957 | |
| 215 | @a144页@d19cm | |
| 517 | 1 | @a理论与计算@Ali lun yu ji suan |
| 606 | 0 | @a放大技术 |
| 606 | 0 | @a放大器 |
| 690 | @aTN722.5-53@v3 | |
| 701 | 0 | @a别沙诺夫@Abie sha nuo fu@4著 |
| 702 | 0 | @a胡汝鼎@Ahu ru ding@4译 |
| 702 | 0 | @a沈越昭@Ashen yue zhao@4译 |
| 702 | 0 | @a李介谷@Ali jie gu@4译 |
| 801 | 0 | @aCN@bNISOFT@c20060724 |
| 905 | @dTN722.5-53@e203 | |
| 磁放大器论文集:理论与计算/(苏联)п.A.别沙诺夫等著/胡汝鼎,沈越昭,李介谷译.-北京:科学技术出版社,1957 |
| 144页;19cm |
| ISBN :CNY0.90 |
| ● |
| 相关链接 |
|
|
|
|
正题名:磁放大器论文集
索取号:TN722.5-53/203
 
预约/预借
| 序号 | 登录号 | 条形码 | 馆藏地/架位号 | 状态 | 备注 |
| 1 | 0437568 | 204375684 | 密集书库/ [索取号:TN722.5-53/203] | 在馆 |